[Event "Tournoi francophone 006 Groupe B"]
[Site "Skype"]
[Date "????.??.??"]
[Round "1.1"]
[White "Gharbi, Said"]
[Black "Marino, Giuseppe"]
[Result "1-0"]
[WhiteElo "1593"]
[BlackElo "1418"]
[PlyCount "47"]

1. e4 e5 2. d4 exd4 3. c3 dxc3 4. Bc4 d6 5. Nxc3 c6 6. Qb3 Qe7 7. Nf3 h6 8. O-O
Nd7 9. Bf4 Nc5 10. Qc2 Be6 11. Bxe6 fxe6 12. e5 d5 13. Nd4 O-O-O 14. b4 Qf7 15.
Bg3 Ne4 16. Nxe4 dxe4 17. b5 Rxd4 18. bxc6 Qc7 19. cxb7+ Kxb7 20. Qb2+ Qb6 21.
Qc2 Qc7 22. Rab1+ Bb4 23. Qa4 Qa5 24. Qxa5 1-0

[Event "Tournoi francophone 006 Groupe B"]
[Site "Skype"]
[Date "????.??.??"]
[Round "1.2"]
[White "Bourdeau, Yvan"]
[Black "Hargez, Dany"]
[Result "1-0"]
[WhiteElo "1645"]
[BlackElo "1494"]
[PlyCount "61"]

1. e4 e5 2. Nf3 Nf6 3. Bb5 c6 4. Bd3 d5 5. Nxe5 Bd6 6. Nxf7 Kxf7 7. O-O dxe4 8.
Bc4+ Be6 9. d3 Bd5 10. Nc3 Re8 11. Bg5 Nbd7 12. Nxd5 cxd5 13. Bxd5+ Kf8 14.
Bxe4 Qc7 15. h3 Nxe4 16. dxe4 Rxe4 17. Qf3+ Bf4 18. Qxe4 Bxg5 19. Rfe1 Nf6 20.
Qb4+ Kf7 21. Re2 Rd8 22. Rae1 Rd7 23. Qb3+ Nd5 24. c4 Nb6 25. c5+ Nd5 26. Re5
Qxc5 27. Rxg5 Kf6 28. Rge5 b5 29. Qf3+ Kg6 30. Qf5+ Kh6 31. Qh5# 1-0

[Event "Tournoi francophone 006 Groupe B"]
[Site "Skype"]
[Date "????.??.??"]
[Round "1.3"]
[White "Gerbaux, Regis"]
[Black "L'Herbon De Lussats, Jean"]
[Result "0-1"]
[WhiteElo "1452"]
[BlackElo "1605"]
[PlyCount "86"]

1. e4 c5 2. Nf3 Nc6 3. d4 cxd4 4. Nxd4 e5 5. Nxc6 bxc6 6. Bc4 Nf6 7. Nc3 Bb4 8.
Bd2 O-O 9. O-O a5 10. Qf3 Qc7 11. a3 Bc5 12. Bh6 Rd8 13. Bg5 Be7 14. Bxf6 Bxf6
15. g4 d6 16. h4 h6 17. g5 hxg5 18. hxg5 Bxg5 19. Qh5 Bf6 20. Kg2 Be6 21. Bxe6
fxe6 22. Rh1 d5 23. Qh8+ Kf7 24. Qh5+ Ke7 25. Rag1 d4 26. Ne2 c5 27. Kf3 Qb7
28. Qh7 Rg8 29. Rh6 Qxb2 30. Rgg6 Qxa3+ 31. Kg2 Kd6 32. Rh3 Qb2 33. Rb3 Qxc2
34. Rb6+ Kc7 35. Rxe6 Qxe4+ 36. Kf1 d3 37. Rxg7+ Bxg7 38. Qxe4 dxe2+ 39. Qxe2
a4 40. Re7+ Kd6 41. Rb7 a3 42. Qd3+ Ke6 43. Qg6+ Kd5 0-1

[Event "Tournoi francophone 006 Groupe B"]
[Site "Skype"]
[Date "????.??.??"]
[Round "1.4"]
[White "De Coninck, Philippe"]
[Black "Fouquereau, Andre"]
[Result "1-0"]
[WhiteElo "1475"]
[BlackElo "1492"]
[PlyCount "57"]

1. e4 e5 2. f4 d6 3. Nf3 Be7 4. Bc4 Bg4 5. O-O Bh4 6. Be2 Bxf3 7. Bxf3 exf4 8.
d3 Qf6 9. e5 dxe5 10. Bxb7 Qb6+ 11. Kh1 Qxb7 12. Qe2 Nf6 13. Qxe5+ Kf8 14. Qxf4
Nbd7 15. Qxh4 Re8 16. Nc3 Ne5 17. Bg5 Ng6 18. Qf2 c6 19. Bxf6 gxf6 20. Qxf6 Kg8
21. Ne4 Re6 22. Qd8+ Kg7 23. Qd4+ Kh6 24. Nd6 Rxd6 25. Qxd6 c5 26. Qf6 Rf8 27.
Rf3 Kh5 28. Rh3+ Nh4 29. Rxh4# 1-0

[Event "Tournoi francophone 006 Groupe B"]
[Site "Skype"]
[Date "????.??.??"]
[Round "1.5"]
[White "Kruk, Clementine"]
[Black "Sahrane, Juba"]
[Result "0-1"]
[WhiteElo "1589"]
[BlackElo "1639"]
[PlyCount "106"]

1. e4 d5 2. exd5 Nf6 3. Nc3 Nxd5 4. Nxd5 Qxd5 5. c4 Qc6 6. d4 e6 7. Nf3 Bb4+ 8.
Bd2 Qe4+ 9. Be2 Nc6 10. Bxb4 Nxb4 11. O-O O-O 12. a3 Nc6 13. Bd3 Qf4 14. Qc1
Qxc1 15. Raxc1 Rd8 16. Ng5 h6 17. d5 exd5 18. cxd5 Rxd5 19. Be4 Rxg5 20. f4 Rg4
21. h3 Rg3 22. Kf2 Rb3 23. Rb1 Be6 24. Bc2 Rb6 25. b4 Rd8 26. Rfd1 Rxd1 27.
Rxd1 f5 28. b5 Rxb5 29. Re1 Kf7 30. g4 Rb2 31. Rc1 Bb3 32. Ke3 Rxc2 33. Rxc2
Bxc2 34. g5 hxg5 35. fxg5 Kg6 36. Kf4 b5 37. h4 a5 38. Kf3 b4 39. axb4 axb4 40.
Kf4 b3 41. h5+ Kxh5 42. Ke3 b2 43. Kf4 b1=Q 44. Kg3 Qg1+ 45. Kf4 Qxg5+ 46. Kf3
Qg4+ 47. Ke3 f4+ 48. Kd2 f3 49. Kxc2 f2 50. Kd3 f1=Q+ 51. Ke3 Qff3+ 52. Kd2
Qgg2+ 53. Ke1 Qff1# 0-1

[Event "Tournoi francophone 006 Groupe B"]
[Site "Skype"]
[Date "????.??.??"]
[Round "2.1"]
[White "Marino, Giuseppe"]
[Black "Sahrane, Juba"]
[Result "0-1"]
[WhiteElo "1418"]
[BlackElo "1639"]
[PlyCount "54"]

1. Nf3 d5 2. d4 c5 3. c3 Nc6 4. e3 e6 5. Bd3 Nf6 6. Nbd2 cxd4 7. exd4 Bd6 8.
O-O Qc7 9. Re1 O-O 10. Nf1 h6 11. Re2 a5 12. Qe1 Rb8 13. b4 axb4 14. Bb2 bxc3
15. Bxc3 b5 16. a3 b4 17. axb4 Bxb4 18. Rb1 Bxc3 19. Qxc3 Rxb1 20. Bxb1 Ba6 21.
Ne5 Bxe2 22. Nxc6 Rc8 23. Ne7+ Kf8 24. Qe3 Bxf1 25. Nxd5 Nxd5 26. Qe1 Ba6 27.
Be4 Qa5 0-1

[Event "Tournoi francophone 006 Groupe B"]
[Site "Skype"]
[Date "????.??.??"]
[Round "2.2"]
[White "Fouquereau, Andre"]
[Black "Kruk, Clementine"]
[Result "1-0"]
[WhiteElo "1492"]
[BlackElo "1589"]
[PlyCount "73"]

1. e4 e5 2. Nf3 Nc6 3. c3 Nf6 4. Be2 Bc5 5. d3 h6 6. b4 Bb6 7. b5 Ng4 8. d4
exd4 9. cxd4 Ba5+ 10. Nbd2 Ne7 11. O-O d5 12. h3 dxe4 13. Nxe4 Qd5 14. Qc2 Bf5
15. Bd3 Nf6 16. Nxf6+ gxf6 17. Nh4 Qxd4 18. Nxf5 Qxa1 19. Nxe7 Qe5 20. Nf5 c6
21. bxc6 Bc7 22. f4 Bb6+ 23. Kh1 Rc8 24. fxe5 Rxc6 25. Bb5 fxe5 26. Bxc6+ bxc6
27. Qxc6+ Kd8 28. Rd1+ Bd4 29. Nxd4 exd4 30. Rxd4+ Ke7 31. Re4+ Kf8 32. Qe8+
Kg7 33. Bb2+ Kg6 34. Qxh8 Kf5 35. Qe5+ Kg6 36. Rg4+ Kh7 37. Qg7# 1-0

[Event "Tournoi francophone 006 Groupe B"]
[Site "Skype"]
[Date "????.??.??"]
[Round "2.3"]
[White "L'Herbon De Lussats, Jean"]
[Black "De Coninck, Philippe"]
[Result "0-1"]
[WhiteElo "1605"]
[BlackElo "1475"]
[PlyCount "60"]

1. e4 e5 2. c4 Nf6 3. Nc3 Bb4 4. Qc2 Nc6 5. d3 Nd4 6. Qa4 Bxc3+ 7. bxc3 Nc6 8.
c5 d6 9. Ba3 Bd7 10. Qc2 O-O 11. cxd6 cxd6 12. Bxd6 Re8 13. Nf3 Bg4 14. Bc5
Bxf3 15. gxf3 Qd7 16. Rg1 Nh5 17. Qd2 Nf4 18. Be3 Rad8 19. O-O-O Rc8 20. Kb1
Red8 21. Bxf4 exf4 22. Qxf4 Na5 23. Qd2 Qb5+ 24. Ka1 Rc6 25. Rb1 Qa4 26. Rb4
Qa3 27. c4 Nxc4 28. Rxc4 Rxc4 29. Qb2 Rc1+ 30. Qb1 Qc3# 0-1

[Event "Tournoi francophone 006 Groupe B"]
[Site "Skype"]
[Date "????.??.??"]
[Round "2.4"]
[White "Hargez, Dany"]
[Black "Gerbaux, Regis"]
[Result "0-1"]
[WhiteElo "1494"]
[BlackElo "1452"]
[PlyCount "122"]

1. e4 e5 2. Nf3 Nc6 3. Bb5 a6 4. Bxc6 dxc6 5. Nxe5 Qg5 6. Ng4 Qxg4 7. O-O Nf6
8. e5 Qxd1 9. Rxd1 Ng4 10. d4 Be7 11. h3 Nh6 12. Nc3 Be6 13. Be3 Nf5 14. Re1
O-O 15. Rad1 Rad8 16. Rd3 Bc4 17. Rdd1 Rd7 18. Rd2 f6 19. f4 fxe5 20. dxe5 Rxd2
21. Bxd2 Bc5+ 22. Kh2 Bf2 23. Rd1 Ng3 24. Be1 Nf1+ 25. Kh1 Bxe1 26. Rxe1 Rxf4
27. e6 Kf8 28. b3 Ng3+ 29. Kh2 Nf1+ 30. Kh1 Ng3+ 31. Kh2 Nf1+ 32. Kg1 Nd2 33.
bxc4 Rxc4 34. Re2 Rxc3 35. Rxd2 Re3 36. Rd7 Rxe6 37. Rxc7 Re7 38. Rc8+ Kf7 39.
g4 Re8 40. Rc7+ Re7 41. Rxe7+ Kxe7 42. h4 Ke6 43. Kf2 Ke5 44. Kf3 c5 45. Ke3 c4
46. a4 a5 47. c3 g6 48. g5 Kf5 49. Kd4 Kg4 50. Kxc4 Kxh4 51. Kb5 Kxg5 52. c4
Kf6 53. c5 Ke7 54. Kb6 h5 55. Kxb7 h4 56. c6 h3 57. c7 h2 58. c8=Q h1=Q+ 59.
Qc6 Qxc6+ 60. Kxc6 g5 61. Kb5 g4 0-1

[Event "Tournoi francophone 006 Groupe B"]
[Site "Skype"]
[Date "????.??.??"]
[Round "2.5"]
[White "Gharbi, Said"]
[Black "Bourdeau, Yvan"]
[Result "1-0"]
[WhiteElo "1593"]
[BlackElo "1645"]
[PlyCount "69"]

1. e4 c5 2. Bc4 Nc6 3. Nf3 e6 4. b3 d5 5. exd5 exd5 6. Bb5 Bd7 7. O-O Nge7 8.
Bb2 a6 9. Bd3 Bf5 10. Bxf5 Nxf5 11. Re1+ Nfe7 12. Ng5 h6 13. Qh5 g6 14. Qh3 d4
15. c3 Qd7 16. Qxd7+ Kxd7 17. Nxf7 Rh7 18. Ne5+ Nxe5 19. Rxe5 Kd6 20. cxd4 Nc6
21. Re4 Nxd4 22. Bxd4 cxd4 23. Rxd4+ Kc5 24. Rc4+ Kd6 25. Nc3 Re7 26. Ne4+ Kd5
27. d3 Bg7 28. Re1 Rae8 29. f3 Bd4+ 30. Kf1 Be5 31. h3 Bg3 32. Nc3+ Kd6 33.
Rxe7 Rxe7 34. Ne4+ Rxe4 35. dxe4 1-0

[Event "Tournoi francophone 006 Groupe B"]
[Site "Skype"]
[Date "????.??.??"]
[Round "3.1"]
[White "Bourdeau, Yvan"]
[Black "Marino, Giuseppe"]
[Result "1-0"]
[WhiteElo "1645"]
[BlackElo "1418"]
[PlyCount "83"]

1. c4 e5 2. Nc3 c6 3. g3 d6 4. Bg2 Be7 5. Nf3 Nf6 6. O-O O-O 7. d3 h6 8. h3 Re8
9. a3 a5 10. Qc2 Bf5 11. Nh4 Qd7 12. Kh2 Nh7 13. Nxf5 Qxf5 14. e4 Qd7 15. f4
exf4 16. Bxf4 Nf6 17. Rae1 Na6 18. d4 Nc7 19. Na4 Rab8 20. Nb6 Qd8 21. c5 Na8
22. Nxa8 Rxa8 23. cxd6 Bxd6 24. e5 Nd5 25. Bxd5 Bxe5 26. Bxf7+ Kxf7 27. Bxe5+
Kg8 28. Qg6 Qd7 29. Rf7 Qxf7 30. Qxf7+ Kxf7 31. Rf1+ Kg8 32. Kg2 Rac8 33. b4
axb4 34. axb4 b5 35. Bd6 Re2+ 36. Rf2 Rxf2+ 37. Kxf2 Kf7 38. Kf3 Re8 39. Bc5
Ke6 40. Kf4 Kd5 41. Kf3 Re3+ 42. Kxe3 1-0

[Event "Tournoi francophone 006 Groupe B"]
[Site "Skype"]
[Date "????.??.??"]
[Round "3.2"]
[White "Gerbaux, Regis"]
[Black "Gharbi, Said"]
[Result "1-0"]
[WhiteElo "1452"]
[BlackElo "1593"]
[PlyCount "71"]

1. e4 e5 2. Nf3 Nf6 3. Nxe5 d6 4. Nf3 Nxe4 5. d3 Nc5 6. Be2 Be7 7. O-O O-O 8.
Nc3 Re8 9. Re1 Bf6 10. d4 Ne6 11. Be3 c6 12. Rb1 Nd7 13. d5 Nc7 14. dxc6 bxc6
15. Ne4 Rxe4 16. Bd3 Rb4 17. c3 Rbb8 18. Qc2 g6 19. b3 Ne5 20. Nxe5 Bxe5 21. c4
c5 22. Rbd1 Qh4 23. f4 Bxf4 24. Bxf4 Qxf4 25. Rf1 Qd4+ 26. Kh1 Bg4 27. Be2 Qe3
28. Bxg4 Re8 29. Qf2 Qxf2 30. Rxf2 Re6 31. Bxe6 Nxe6 32. Rxd6 Re8 33. Rd7 Ng5
34. h4 Re1+ 35. Kh2 Ne4 36. Rfxf7 1-0

[Event "Tournoi francophone 006 Groupe B"]
[Site "Skype"]
[Date "????.??.??"]
[Round "3.3"]
[White "De Coninck, Philippe"]
[Black "Hargez, Dany"]
[Result "1-0"]
[WhiteElo "1475"]
[BlackElo "1494"]
[PlyCount "51"]

1. e4 e5 2. Nf3 Nf6 3. Nxe5 d5 4. Nxf7 Kxf7 5. e5 Qe7 6. d4 Bg4 7. Be2 Bxe2 8.
Qxe2 Ne4 9. Qf3+ Ke8 10. Nc3 Qb4 11. Qe3 Be7 12. a3 Qa5 13. b4 Qb6 14. Nxe4
dxe4 15. Qxe4 Nc6 16. d5 Nd8 17. Be3 Qa6 18. c4 Bxb4+ 19. Bd2 Bxd2+ 20. Kxd2 g6
21. Rhd1 Rf8 22. Ke2 Nf7 23. d6 cxd6 24. exd6+ Kd7 25. Qe7+ Kc6 26. Qc7# 1-0

[Event "Tournoi francophone 006 Groupe B"]
[Site "Skype"]
[Date "????.??.??"]
[Round "3.4"]
[White "Kruk, Clementine"]
[Black "L'Herbon De Lussats, Jean"]
[Result "1-0"]
[WhiteElo "1589"]
[BlackElo "1605"]
[PlyCount "113"]

1. e4 c5 2. d4 cxd4 3. c3 dxc3 4. Nxc3 Nc6 5. Bc4 e6 6. Nf3 Bb4 7. Bd2 d6 8.
O-O Nf6 9. Qc2 O-O 10. Rad1 Qe7 11. Rfe1 e5 12. Nb5 Bc5 13. Bg5 Be6 14. Bxf6
Qxf6 15. Nxd6 Nd4 16. Nxd4 Bxd4 17. Re2 b6 18. Rd3 a6 19. Rf3 Qe7 20. Nf5 Qc5
21. Bxe6 fxe6 22. Qxc5 Bxc5 23. Nh4 Rf4 24. g3 Rxf3 25. Nxf3 Rd8 26. Nxe5 Rd1+
27. Kg2 Bd4 28. Nc4 e5 29. b3 a5 30. Rd2 Re1 31. Nd6 g5 32. Ne8 Rxe4 33. Nf6+
Kg7 34. Nxe4 Kg6 35. h4 g4 36. f3 h5 37. f4 Kf5 38. Nd6+ Ke6 39. fxe5 Kxe5 40.
Nf7+ Ke4 41. Nd6+ Ke3 42. Nc4+ Ke4 43. Re2+ Kd3 44. Re6 Kc3 45. Nxb6 Kb2 46.
Nc4+ Kxa2 47. Nxa5 Bc3 48. Ra6 Bxa5 49. Rxa5+ Kxb3 50. Rd5 Kc4 51. Rd8 Kc5 52.
Kf2 Kc6 53. Ke3 Kc7 54. Rd1 Kc6 55. Kf4 Kc5 56. Kf5 Kc4 57. Kg6 1-0

[Event "Tournoi francophone 006 Groupe B"]
[Site "Skype"]
[Date "????.??.??"]
[Round "3.5"]
[White "Sahrane, Juba"]
[Black "Fouquereau, Andre"]
[Result "1-0"]
[WhiteElo "1639"]
[BlackElo "1492"]
[PlyCount "95"]

1. e4 e5 2. f4 Nc6 3. Nf3 d6 4. Bc4 Bg4 5. Nc3 Nf6 6. fxe5 Nxe5 7. d4 Nxf3+ 8.
gxf3 Bh5 9. Bg5 Be7 10. Qd2 Bxf3 11. Rf1 Bxe4 12. Bxf6 d5 13. Bxe7 Qxe7 14.
Nxe4 Qh4+ 15. Qf2 Qxf2+ 16. Rxf2 dxc4 17. O-O-O O-O 18. Rdf1 Rae8 19. Ng5 Re7
20. d5 h6 21. Ne6 Rfe8 22. Nf4 Re1+ 23. Rxe1 Rxe1+ 24. Kd2 Re4 25. Ne2 b5 26.
Nc3 Re5 27. Re2 Rh5 28. Ke3 b4 29. Nb5 Rxd5 30. Nxc7 Rc5 31. Na6 Rb5 32. Kd4 c3
33. b3 Rb6 34. Nc7 f5 35. Nd5 Rb8 36. Ne7+ Kf7 37. Nxf5 Kf6 38. Nd6 Rd8 39. Kc5
Rd7 40. Nb5 g5 41. Kxb4 Rd2 42. Rxd2 cxd2 43. Nc3 Kf5 44. Kc4 Kg4 45. Kd3 Kh3
46. Kxd2 Kxh2 47. Ne4 g4 48. c4 1-0

[Event "Tournoi francophone 006 Groupe B"]
[Site "Skype"]
[Date "????.??.??"]
[Round "4.1"]
[White "Marino, Giuseppe"]
[Black "Fouquereau, Andre"]
[Result "0-1"]
[WhiteElo "1358"]
[BlackElo "1492"]
[PlyCount "102"]

1. d4 d5 2. Nf3 Nf6 3. e3 Bg4 4. Be2 g6 5. Nbd2 Bg7 6. Ne5 Bf5 7. O-O Nbd7 8.
f4 O-O 9. c3 Ne4 10. Bg4 e6 11. Bxf5 exf5 12. Ndf3 Ndf6 13. Bd2 c6 14. Be1 Qb6
15. Rb1 Qc7 16. Bh4 Nd7 17. Nxd7 Qxd7 18. Ne5 Qc7 19. Rc1 f6 20. Nd3 b6 21. c4
Qb7 22. cxd5 cxd5 23. Qb3 Nd2 24. Qb4 Nxf1 25. Kxf1 Rac8 26. Rxc8 Rxc8 27. Qb3
Bf8 28. Bxf6 Bg7 29. Bh4 Qc6 30. a3 Re8 31. Ke2 Qe6 32. Ne5 Bxe5 33. dxe5 h6
34. Bf6 Qc6 35. Kd3 Kh7 36. Kd2 a5 37. a4 Rc8 38. Qd1 Qc5 39. b3 d4 40. exd4
Qxd4+ 41. Ke2 Qe4+ 42. Kf1 Qxf4+ 43. Kg1 Rc1 44. Qxc1 Qxc1+ 45. Kf2 Qc2+ 46.
Kf3 Qxb3+ 47. Kf2 Qxa4 48. e6 Qc6 49. e7 a4 50. Ke3 a3 51. Kd4 a2 0-1

[Event "Tournoi francophone 006 Groupe B"]
[Site "Skype"]
[Date "????.??.??"]
[Round "4.2"]
[White "L'Herbon De Lussats, Jean"]
[Black "Sahrane, Juba"]
[Result "0-1"]
[WhiteElo "1618"]
[BlackElo "1621"]
[PlyCount "132"]

1. e4 e6 2. d4 d5 3. exd5 exd5 4. Nf3 Nf6 5. c4 dxc4 6. Bxc4 Bg4 7. Qb3 Qe7+ 8.
Ne5 Qb4+ 9. Bd2 Qxb3 10. Bxb3 Bh5 11. O-O Bd6 12. Ba4+ c6 13. Nc3 O-O 14. Rfe1
Na6 15. Ne4 Nxe4 16. Rxe4 Rad8 17. Bc3 Rfe8 18. Rae1 f6 19. Bb3+ Kh8 20. Nf7+
Bxf7 21. Bxf7 Rxe4 22. Rxe4 Nc7 23. f4 Nb5 24. f5 c5 25. d5 Nxc3 26. bxc3 b5
27. a4 b4 28. c4 b3 29. Re2 Rb8 30. Rb2 Be5 31. Rb1 Rb4 32. Be8 a6 33. g4 b2
34. Kf1 Rxc4 35. Ke2 Rc1 36. Rxb2 Bxb2 37. d6 Be5 38. d7 Bc7 39. Kd3 c4+ 40.
Kd2 Ra1 41. h4 Ra3 42. g5 fxg5 43. hxg5 Bd8 44. g6 hxg6 45. fxg6 Rxa4 46. Kc3
a5 47. Bf7 Rb4 48. Bxc4 Rb7 49. Be6 a4 50. Kc4 a3 51. Kc5 Rb2 52. Kc6 a2 53.
Bxa2 Rxa2 54. Kb7 Rg2 55. Kc8 Rxg6 56. Kxd8 Rd6 57. Ke7 Rd1 58. d8=Q+ Rxd8 59.
Kxd8 g5 60. Ke7 g4 61. Kf6 g3 62. Kg5 g2 63. Kg4 g1=Q+ 64. Kf4 Qe1 65. Kf3 Kg7
66. Kg4 Kf6 0-1

[Event "Tournoi francophone 006 Groupe B"]
[Site "Skype"]
[Date "????.??.??"]
[Round "4.3"]
[White "Hargez, Dany"]
[Black "Kruk, Clementine"]
[Result "0-1"]
[WhiteElo "1460"]
[BlackElo "1599"]
[PlyCount "40"]

1. e4 e5 2. Bc4 Nf6 3. d3 Bc5 4. Nf3 Nc6 5. Nc3 d6 6. Bb5 Be6 7. Bxc6+ bxc6 8.
d4 exd4 9. Nxd4 Qd7 10. Nf3 O-O 11. Bg5 Ng4 12. h3 Nxf2 13. Qd2 d5 14. Be3 Bxe3
15. Qxe3 Nxh1 16. Ne5 Qd6 17. O-O-O Qxe5 18. Rxh1 d4 19. Qf3 dxc3 20. bxc3 Rab8
0-1

[Event "Tournoi francophone 006 Groupe B"]
[Site "Skype"]
[Date "????.??.??"]
[Round "4.4"]
[White "Gharbi, Said"]
[Black "De Coninck, Philippe"]
[Result "1-0"]
[WhiteElo "1564"]
[BlackElo "1475"]
[PlyCount "38"]

1. e4 e5 2. Nf3 Nf6 3. Bc4 Nc6 4. Ng5 d5 5. exd5 Nxd5 6. Nxf7 Kxf7 7. Qf3+ Ke6
8. Nc3 Nce7 9. O-O b6 10. d4 Bb7 11. Qg4+ Nf5 12. dxe5 g6 13. Bg5 Qd7 14. Rae1
Bg7 15. Bf4 Rae8 16. Rd1 Qc6 17. Bxd5+ Qxd5 18. Nxd5 Bxd5 19. b3 Kd7 1-0

[Event "Tournoi francophone 006 Groupe B"]
[Site "Skype"]
[Date "????.??.??"]
[Round "4.5"]
[White "Bourdeau, Yvan"]
[Black "Gerbaux, Regis"]
[Result "1-0"]
[WhiteElo "1645"]
[BlackElo "1462"]
[PlyCount "53"]

1. c4 c5 2. Nc3 Nf6 3. g3 g6 4. Bg2 Bg7 5. Nf3 Nc6 6. e3 d6 7. O-O O-O 8. d4 e6
9. Qc2 b6 10. Rd1 Qc7 11. Nb5 Qe7 12. dxc5 dxc5 13. Ng5 Nb4 14. Qd2 Bb7 15. a3
Bxg2 16. Kxg2 Rad8 17. Qe2 Rxd1 18. Qxd1 Rd8 19. Qe2 Nd3 20. Nc3 Ne8 21. Nge4
Bxc3 22. Nxc3 Nf6 23. f3 Qb7 24. e4 Nh5 25. Be3 f5 26. Rd1 Qd7 27. Bg5 1-0

[Event "Tournoi francophone 006 Groupe B"]
[Site "Skype"]
[Date "????.??.??"]
[Round "5.1"]
[White "Gerbaux, Regis"]
[Black "Marino, Giuseppe"]
[Result "1-0"]
[WhiteElo "1462"]
[BlackElo "1358"]
[PlyCount "71"]

1. e4 e5 2. Nf3 d6 3. d4 exd4 4. Qxd4 Nf6 5. e5 dxe5 6. Qxd8+ Kxd8 7. Nxe5 Bb4+
8. Bd2 Bxd2+ 9. Nxd2 Re8 10. f4 Ke7 11. O-O-O Kf8 12. Bc4 Be6 13. Rhe1 Bxc4 14.
Ndxc4 Na6 15. g4 Rad8 16. a3 Rxd1+ 17. Rxd1 h6 18. h4 Nc5 19. g5 hxg5 20. hxg5
Nh5 21. f5 b5 22. Rd5 bxc4 23. Rxc5 Ng3 24. f6 gxf6 25. gxf6 Kg8 26. Nxc4 Re6
27. Rg5+ Kh7 28. Rxg3 Rxf6 29. Nd2 Re6 30. c3 f5 31. Kc2 f4 32. Rg4 Rf6 33. Rg1
f3 34. Rf1 f2 35. Ne4 Re6 36. Ng5+ 1-0

[Event "Tournoi francophone 006 Groupe B"]
[Site "Skype"]
[Date "????.??.??"]
[Round "5.2"]
[White "De Coninck, Philippe"]
[Black "Bourdeau, Yvan"]
[Result "1/2-1/2"]
[WhiteElo "1475"]
[BlackElo "1645"]
[PlyCount "82"]

1. e4 c5 2. Nf3 d6 3. d4 cxd4 4. Nxd4 Nf6 5. Nc3 Nc6 6. Bb5 Bd7 7. Bxc6 Bxc6 8.
Nxc6 bxc6 9. f3 e6 10. Qd3 Qc7 11. Be3 Be7 12. O-O O-O 13. Rad1 Nd7 14. b4 Ne5
15. Qe2 Rfc8 16. f4 Nd7 17. f5 Re8 18. Qg4 Ne5 19. Qe2 Qb8 20. a3 Bf6 21. fxe6
Rxe6 22. Bd4 Qb7 23. b5 c5 24. Nd5 Nf3+ 25. Qxf3 Bxd4+ 26. Kh1 Rae8 27. e5 Qd7
28. Nf6+ Rxf6 29. exf6 Bxf6 30. Rd5 Qxb5 31. Rxd6 Qc4 32. Qd3 Qxd3 33. Rxd3 c4
34. Rd7 Ra8 35. Re1 g6 36. Rc7 c3 37. g3 a6 38. Rb1 Re8 39. Rg1 Re2 40. Rg2
Re1+ 41. Rg1 Re2 1/2-1/2

[Event "Tournoi francophone 006 Groupe B"]
[Site "Skype"]
[Date "????.??.??"]
[Round "5.3"]
[White "Kruk, Clementine"]
[Black "Gharbi, Said"]
[Result "0-1"]
[WhiteElo "1599"]
[BlackElo "1564"]
[PlyCount "140"]

1. e4 d5 2. exd5 Qxd5 3. Nc3 Qa5 4. Nf3 Bf5 5. d4 e6 6. Bf4 Bb4 7. Bd2 c6 8.
Bd3 Bxd3 9. cxd3 Nf6 10. O-O Nd5 11. Nxd5 cxd5 12. Bxb4 Qxb4 13. Qd2 Nc6 14.
Rac1 Qxd2 15. Nxd2 Nxd4 16. Rc7 b6 17. Re1 O-O 18. Kf1 Rfc8 19. Rec1 Rxc7 20.
Rxc7 Nb5 21. Rb7 Rc8 22. Nb1 Nd4 23. Nc3 h6 24. Rxa7 b5 25. Rb7 Rc5 26. a4 bxa4
27. Rb8+ Kh7 28. Ra8 Nb5 29. Nxa4 Rc2 30. Ra5 Nd4 31. Rc5 Rd2 32. g3 Rxd3 33.
b4 Rb3 34. Nc3 Rxb4 35. Rc7 Rc4 36. Rxc4 dxc4 37. f4 Kg6 38. g4 h5 39. h3 Nf3
40. Kg2 Ne1+ 41. Kg3 hxg4 42. Kxg4 Nd3 43. h4 f5+ 44. Kf3 Kh5 45. Ke3 Kxh4 46.
Kd4 Nxf4 47. Kxc4 g5 48. Nd1 g4 49. Nf2 g3 50. Nh1 g2 51. Nf2 g1=Q 52. Nd3 Qf1
53. Kd4 Nxd3 54. Ke3 Ne1 55. Kd2 Qf2+ 56. Kd1 Ng2 57. Kc1 e5 58. Kd1 e4 59. Kc1
Qf4+ 60. Kc2 e3 61. Kd3 Qf1+ 62. Kd4 e2 63. Kd5 e1=R 64. Kd4 Re4+ 65. Kd5 Qd3+
66. Kc5 Rc4+ 67. Kb5 Qb3+ 68. Ka5 Qb4+ 69. Ka6 Rc5 70. Ka7 Ra5# 0-1

[Event "Tournoi francophone 006 Groupe B"]
[Site "Skype"]
[Date "????.??.??"]
[Round "5.4"]
[White "Sahrane, Juba"]
[Black "Hargez, Dany"]
[Result "1-0"]
[WhiteElo "1621"]
[BlackElo "1460"]
[PlyCount "135"]

1. e4 e5 2. Nf3 Nf6 3. Nxe5 d5 4. exd5 Qxd5 5. Qe2 Be7 6. Qb5+ c6 7. Qxd5 cxd5
8. Bb5+ Bd7 9. Nxd7 Nbxd7 10. O-O O-O 11. d4 a6 12. Ba4 b5 13. Bb3 Bb4 14. a3
Ba5 15. Bd2 Bxd2 16. Nxd2 Rac8 17. Nf3 Rfe8 18. Rfe1 Re4 19. Rxe4 dxe4 20. Nd2
Re8 21. Re1 Nb6 22. c3 a5 23. Bc2 Nc4 24. Nxc4 bxc4 25. Ba4 Re7 26. Bb5 Rc7 27.
Re2 Kf8 28. h3 h5 29. Kh2 g5 30. g3 Ke7 31. f3 Kd6 32. fxe4 Ke6 33. a4 g4 34.
e5 Nd5 35. hxg4 hxg4 36. Kg2 f6 37. exf6+ Kxf6 38. Re4 Rc8 39. Re5 Nb6 40. Rc5
Ke6 41. Rxc8 Nxc8 42. Bxc4+ Kd6 43. Kf2 Nb6 44. Be2 Nxa4 45. Bxg4 Nxb2 46. Bf5
a4 47. Bc2 a3 48. Bb3 Nd3+ 49. Ke3 Nc1 50. Bg8 a2 51. Bxa2 Nxa2 52. c4 Nb4 53.
g4 Nc6 54. g5 Ne7 55. Ke4 Ke6 56. c5 Nd5 57. c6 Ne7 58. c7 Nc8 59. d5+ Kd6 60.
g6 Kxc7 61. Ke5 Ne7 62. d6+ Kd7 63. dxe7 Kxe7 64. Kf5 Kf8 65. Kf6 Kg8 66. g7
Kh7 67. Kf7 Kh6 68. g8=Q 1-0

[Event "Tournoi francophone 006 Groupe B"]
[Site "Skype"]
[Date "????.??.??"]
[Round "5.5"]
[White "Fouquereau, Andre"]
[Black "L'Herbon De Lussats, Jean"]
[Result "1-0"]
[WhiteElo "1492"]
[BlackElo "1618"]
[PlyCount "115"]

1. e4 c5 2. Nf3 Nc6 3. c3 d6 4. Bc4 Nf6 5. Qc2 g6 6. O-O Bg7 7. d4 e6 8. dxc5
d5 9. Rd1 O-O 10. exd5 exd5 11. Bd3 Be6 12. Bf4 Nd7 13. b4 Nde5 14. Bb5 Nxf3+
15. gxf3 Be5 16. Bg3 Qg5 17. Nd2 Bf4 18. Nf1 Ne5 19. Kg2 Rad8 20. Rd4 Bxg3 21.
fxg3 a6 22. Be2 Nc6 23. Rdd1 Qf6 24. Ne3 d4 25. cxd4 Nxd4 26. Qb2 Qg7 27. Rac1
Rfe8 28. Rd2 Re7 29. Bd3 f5 30. a4 Bd7 31. Bc4+ Be6 32. Bxe6+ Nxe6 33. Qxg7+
Kxg7 34. Rxd8 Nxd8 35. Kf2 Nc6 36. b5 axb5 37. axb5 Nd4 38. Rc4 Nxb5 39. Rb4
Na7 40. Nc4 Nc6 41. Rb6 h5 42. Nd6 Nd8 43. Nxb7 Rxb7 44. Rxb7+ Nxb7 45. c6 Nd6
46. Ke3 Kf7 47. Kd4 Ke7 48. Ke5 Nf7+ 49. Kd5 Nd6 50. Kc5 Nc8 51. h3 Kd8 52. Kd5
Kc7 53. Ke6 Kxc6 54. Kf6 Kd6 55. Kxg6 Ne7+ 56. Kxh5 Ke6 57. Kg5 Nd5 58. f4 1-0

[Event "Tournoi francophone 006 Groupe B"]
[Site "Skype"]
[Date "????.??.??"]
[Round "6.1"]
[White "Marino, Giuseppe"]
[Black "L'Herbon De Lussats, Jean"]
[Result "1-0"]
[WhiteElo "1358"]
[BlackElo "1618"]
[PlyCount "79"]

1. d4 Nf6 2. e3 g6 3. Bd3 Bg7 4. Nf3 O-O 5. e4 b6 6. e5 Nd5 7. Be4 Bb7 8. Bxd5
Bxd5 9. O-O d6 10. exd6 cxd6 11. c3 Nd7 12. Re1 Bb7 13. Bg5 Bf6 14. Bxf6 Nxf6
15. Nbd2 Qc7 16. c4 d5 17. b3 a5 18. Rc1 Qd6 19. cxd5 Bxd5 20. Nc4 Qb8 21. Rxe7
Re8 22. Rxe8+ Nxe8 23. Qe2 f6 24. Ne3 Qf4 25. Qd1 Be4 26. h3 f5 27. d5 Rd8 28.
Rc4 Nf6 29. Rd4 Qd6 30. Nc4 Qc5 31. d6 b5 32. Nxa5 Rxd6 33. Rxd6 Kg7 34. Ng5
Qb4 35. Nxe4 Nxe4 36. Rd7+ Kh6 37. Qc1+ g5 38. Qc6+ Nd6 39. Rxd6+ Kh5 40. Rh6#
1-0

[Event "Tournoi francophone 006 Groupe B"]
[Site "Skype"]
[Date "????.??.??"]
[Round "6.3"]
[White "Gharbi, Said"]
[Black "Sahrane, Juba"]
[Result "0-1"]
[WhiteElo "1564"]
[BlackElo "1621"]
[PlyCount "62"]

1. e4 c6 2. d4 d5 3. e5 Bf5 4. Bd3 Bxd3 5. Qxd3 e6 6. Nf3 c5 7. c3 Nc6 8. O-O
cxd4 9. cxd4 Nge7 10. Nc3 Nf5 11. Re1 Be7 12. Bf4 a6 13. a3 b5 14. Rac1 Qb6 15.
Red1 O-O 16. Ne2 Rfc8 17. Qd2 h6 18. Ng3 Nxg3 19. Bxg3 Na5 20. Bh4 Rxc1 21.
Qxc1 Bxh4 22. Nxh4 b4 23. a4 Qc6 24. Qd2 Qxa4 25. f4 Nc4 26. Qe2 Nxb2 27. Rf1
Nc4 28. f5 b3 29. fxe6 fxe6 30. Qh5 Qd7 31. Qg4 Ne3 0-1